Redescobrir el massís : 3 itineraris per conèixer el Parc Natural del Garraf / 3 itineraris per conèixer el Parc Natural del Garraf /
Descripción Física:
90 pàgines : il·lustracions ; 21 cm
Colección:
Garraf
; 3
Idioma:
Catalán
MARC
| LEADER | 00000nam a2200000 a 4500 | ||
|---|---|---|---|
| 001 | 26821 | ||
| 005 | 20260324181142.0 | ||
| 008 | 990406s1998 spc || o000 ||cat | ||
| 017 | |a DL B. 40318-1998 |b Biblioteca de Catalunya | ||
| 043 | |a e-sp--- |b e-spcgf |2 catmarc | ||
| 080 | |a Bib-967 | ||
| 100 | |a Ortega i Roig, Juanjo |9 828 | ||
| 245 | 1 | 0 | |a Redescobrir el massís : |b 3 itineraris per conèixer el Parc Natural del Garraf / |c Juanjo Ortega |
| 260 | |a [Barcelona] : |b els autors, |c DL 1998 | ||
| 300 | |a 90 pàgines : |b il·lustracions ; |c 21 cm | ||
| 490 | 1 | |a Garraf : aula romàntica ; |v 3 | |
| 504 | |a Bibliografia | ||
| 610 | 0 | |9 9859 |a Parc del Garraf (Catalunya) | |
| 610 | 1 | 0 | |9 52677 |a Parc del Garraf (Catalunya) |v Guies |
| 655 | 7 | |a Guies |2 thub |9 67087 | |
| 830 | 0 | |a Garraf ; |v 3 | |
| 908 | |a BC |a UB |a URV |a BMVB |a MS | ||
| 940 | |a BC | ||
| 942 | |2 udc |c ARXIU |n 1 | ||
| 952 | |0 0 |1 0 |4 0 |6 BIB966 |7 1 |9 63907 |a Arxiu |b Arxiu |d 2022-09-12 |l 0 |o Bib-966 |p 26822 |r 2022-09-12 00:00:00 |w 2022-09-12 |y ARXIU | ||
| 999 | |c 82670 |d 82670 | ||